000 00699 a2200193 4500
999 _c4775
_d4775
010 _aENG-86545
020 _a8180381153
_c375.00
035 _aEN-70078
037 _bDBAD / PUB
082 1 4 _a347.5409
100 1 _aSridhar, Madabhushi
245 1 _aAlternative dispute resolution :
_cby Madabhushi Sridhar
_bnegotiation and mediation /
260 _aNew Delhi
_bLexis Nexis
_c2006
270 _a14th Floor, Vijaya Building, 17 Barakhamba Road,
_bNew Delhi
_e110 001
_k011-23739614-16
_l011-23326456
_mcustomer.care@lexisnexis.co.in
300 _axxx, 386 p
_c23cm (Pbk)
490 _aLexis Nexis Student Series
500 _aincludes index
942 _adpl
_cEN
_2ddc
_h347.5409
_mSRI